Responsabilidad ambiental empresarial y turismo : el uso del recurso energético en hoteles de Bahía Blanca

Detalles Bibliográficos
Autor principal: Tersol, María Cielo (Autor, Disertante)
Otros Autores: Badano, María Candela (Orientador, Directora), Gallucci, Silvana Soledad (Orientador, Codirectora)
Formato: Tesis eBook
Lenguaje:Espa�ol
Publicado: 2024.
Materias:
Acceso en línea:Repositorio del Departamento de Geografía y Turismo.
Etiquetas: Agregar Etiqueta
Sin Etiquetas, Sea el primero en etiquetar este registro!

MARC

LEADER 00000ntm a22000004a 4500
001 AR-BbUGT58390
003 AR-BbUGT
005 20250424134324.0
007 cr n| a|a|a|a|
008 250424s2024 ag om 001 0 spa d
040 |a AR-BbUGT  |c AR-BbUGT  |e aacr2 
082 |a 380.14 
100 1 |a Tersol, María Cielo.   |e Autor  |4 dis 
245 |a Responsabilidad ambiental empresarial y turismo :   |b el uso del recurso energético en hoteles de Bahía Blanca  |h [Recurso electrónico] /  |c tesista: Tersol, María Cielo ; directora: Badano, María Candela ; co-directora: Gallucci, Soledad. 
260 |c 2024. 
300 |a 1 recurso en línea (45 p.)  
500 |a Descripción basada en el recurso electrónico; título tomado del PDF, (visto el 24 de abril de 2025).  
500 |a "Tesina de Licenciatura en Turismo" (Port.) 
502 |g Tesis  |b Grado  |c Universidad Nacional del Sur, Departamento de Geografía y Turismo.  |d 2024  |o 6967 
506 0 |a Acceso abierto. 
520 3 |a El desarrollo de la actividad turística se halla en constante interacción con el ambiente y efectúa múltiples efectos en él, tanto en forma positiva como negativa. Existen presiones de diferentes actores sociales -cada vez más concientizados en materia de preservación ambiental- que impulsan a los gestores públicos del turismo y prestadores turísticos a incorporar acciones ambientalmente correctas. El presente trabajo se enfoca en estudiar la subdimensión recurso energético en los hoteles habilitados de la ciudad de Bahía Blanca. 
538 |a Modo de acceso: Internet.  
540 |a Reconocimiento-NoComercial-SinObraDerivada 4.0 (CC BY-NC-ND 4.0)  |u http://creativecommons.org/licenses/by-nc-nd/4.0/ 
650 |a Hoteles  |2 unbist 
650 |a Infraestructura del turismo  |2 unbist 
650 |a Conservación ambiental  |2 unescot 
650 |a Gestión ambiental  |2 unbist 
651 4 |a Bahía Blanca (Argentina)  |9 257 
653 |a Responsabilidad social empresarial 
700 1 |a Badano, María Candela.   |e Directora  |4 ths 
700 1 |a Gallucci, Silvana Soledad.  |e Codirectora  |4 ths  |9 793 
710 2 |a Universidad Nacional del Sur.  |b Departamento de Geografía y Turismo  |4 dgg  |9 48 
856 4 |u https://repositoriodigital.uns.edu.ar/handle/123456789/6967  |y Repositorio del Departamento de Geografía y Turismo.  |3 Texto completo  |7 0  |2 http 
942 |c BK  |2 ddc  |h 380.14  |6 380_140000000000000 
999 |c 16169  |d 16169